[Event "AUTO-ADV-1076"]
[Site "http://www.queenalice.com/game.php?id=478488"]
[Date "2008.10.17"]
[Round "1"]
[White "ocarrasco"]
[Black "Semao"]
[Result "0-1"]
[WhiteElo "1835"]
[BlackElo "1922"]

1. e4 g6 2. d4 Bg7 3. Be3 d6 4. Nc3 Nf6 5. Qd2 O-O 6. f3 Nc6 7. O-O-O e5 8. d5
Ne7 9. g4 a5 10. h4 h5 11. gxh5 Nxh5 12. Nge2 f5 13. exf5 Nxf5 14. Bh3 Nxe3 15.
Qxe3 Kh7 16. Rdg1 Bh6 17. f4 Nxf4 18. Kb1 Nxh3 19. Qg3 Nxg1 20. Rxg1 Bf5 21. h5
Rg8 22. hxg6+ Bxg6 23. Qh3 Qc8 0-1

[Event "AUTO-ADV-1076"]
[Site "http://www.queenalice.com/game.php?id=478489"]
[Date "2008.10.17"]
[Round "1"]
[White "Semao"]
[Black "ocarrasco"]
[Result "0-1"]
[WhiteElo "1963"]
[BlackElo "1822"]

1. e4 c5 2. Nf3 d6 3. Bc4 Nf6 4. Ng5 e6 5. d3 Nc6 6. O-O Be7 7. a3 O-O 8. h3 d5
9. exd5 exd5 10. Ba2 Be6 11. Nc3 h6 12. Nxe6 fxe6 13. f4 Qe8 14. f5 exf5 15.
Rxf5 Qg6 16. Nxd5 Nxd5 17. Bxd5+ Kh8 18. Rxf8+ Rxf8 19. Bd2 Bh4 20. Qg4 Qf6 21.
Bc3 Qf2+ 22. Kh1 Nd4 23. Bxd4 cxd4 24. Be4 Bg3 25. Qg6 Qf1+ 0-1

[Event "Challenge"]
[Site "http://www.queenalice.com/game.php?id=501485"]
[Date "2008.12.2"]
[Round "-"]
[White "Gansothedark"]
[Black "Semao"]
[Result "0-1"]
[WhiteElo "1529"]
[BlackElo "1941"]

1. e4 g6 2. d4 Bg7 3. e5 d6 4. f4 dxe5 5. fxe5 Nh6 6. Bxh6 Bxh6 7. Nd2 O-O 8.
Ne2 Nc6 9. c3 f6 10. Nf3 fxe5 11. dxe5 Bg4 12. Neg1 Qxd1+ 13. Rxd1 Nxe5 14. Be2
Nxf3+ 15. gxf3 Bf5 16. h3 Rad8 17. h4 Rxd1+ 18. Bxd1 e5 19. Rh2 e4 20. fxe4 Bxe4
21. Re2 Bc6 22. Re6 Re8 23. Rxe8+ Bxe8 24. Nf3 Bf7 25. a4 Kf8 26. Ne5 Be6 27.
Ke2 Bc1 28. Nd3 Bc4 29. b3 Bxd3+ 30. Kxd3 h5 31. Ke2 Kf7 32. Kf3 Kf6 33. Kg3 a5
34. Bf3 b6 35. Be4 g5 36. hxg5+ Kxg5 37. b4 Bf4+ 38. Kf3 axb4 39. cxb4 Bd6 40.
Kg2 Bxb4 41. Bf3 h4 42. Kh3 c5 43. Be2 Be1 44. Bf3 c4 45. Bd1 Kf4 46. Bc2 Ke3
47. Kg2 Kd2 48. Bb1 c3 49. Kf3 c2 50. Bxc2 Kxc2 51. Kg2 Kb3 52. Kf3 Kxa4 53. Ke3
b5 54. Kd3 h3 55. Kc2 h2 56. Kd3 h1=Q 57. Kd4 Qf3 58. Kc5 Qe4 59. Kb6 Qd5 60.
Kc7 Qe6 61. Kd8 Ba5# 0-1

[Event "2º TP-ROO"]
[Site "http://www.queenalice.com/game.php?id=541739"]
[Date "2009.2.17"]
[Round "1"]
[White "DALECIO_RAZIEL"]
[Black "Semao"]
[Result "0-1"]
[WhiteElo "1442"]
[BlackElo "1926"]

1. e4 g6 2. e5 Bg7 3. d4 d6 4. f4 dxe5 5. fxe5 Nh6 6. h3 Nf5 7. g4 Nxd4 8. c3
Ndc6 9. Nf3 Qxd1+ 10. Kxd1 Nxe5 11. Bb5+ Bd7 12. Bxd7+ Nbxd7 13. Nd4 O-O-O 14.
Bf4 Nb6 15. Nd2 Nec4 16. Bg5 Nxd2 17. Kxd2 c5 18. Bxe7 Rd7 19. Bxc5 Kc7 20. Rae1
Nc4+ 21. Kc2 b6 22. Nb5+ Kc6 23. Nd4+ Kxc5 24. b4+ Kd6 25. Nb5+ Kc6 26. Nd4+
Bxd4 27. cxd4 Nd6 28. Kd3 Kb7 29. Rc1 Rhd8 30. Rhf1 f5 31. g5 Ne4 32. Rf3 Rxd4+
33. Ke3 Nxg5 34. Rf4 Rd3+ 35. Ke2 Rd2+ 36. Ke1 Ne4 37. Kf1 Rxa2 38. Ke1 Rdd2 39.
Rd1 Re2+ 40. Kf1 Ng3+ 41. Kg1 Rg2# 0-1

[Event "AUTO-MASTER-548"]
[Site "http://www.queenalice.com/game.php?id=542149"]
[Date "2009.2.17"]
[Round "2"]
[White "Semao"]
[Black "amand"]
[Result "0-1"]
[WhiteElo "1928"]
[BlackElo "2201"]

1. e4 e6 2. Nf3 d5 3. exd5 exd5 4. d4 Nf6 5. Be2 Bd6 6. O-O O-O 7. c3 Bg4 8. h3
Bh5 9. Ne5 Bxe2 10. Qxe2 Re8 11. f4 Ne4 0-1

[Event "AUTO-MASTER-548"]
[Site "http://www.queenalice.com/game.php?id=542150"]
[Date "2009.2.17"]
[Round "2"]
[White "amand"]
[Black "Semao"]
[Result "1-0"]
[WhiteElo "2192"]
[BlackElo "1923"]

1. d4 g6 2. c4 Bg7 3. Nf3 Nf6 4. e3 O-O 5. Be2 d6 6. O-O Nc6 7. Nc3 e5 8. d5 Ne7
9. e4 Ne8 10. Bg5 h6 11. Bd2 f5 12. exf5 gxf5 13. Qc1 f4 14. Bd3 1-0

[Event "QA-ANNIV-05"]
[Site "http://www.queenalice.com/game.php?id=604106"]
[Date "2009.6.15"]
[Round "1"]
[White "daga2008"]
[Black "Semao"]
[Result "0-1"]
[WhiteElo "1572"]
[BlackElo "1913"]

1. e4 g6 2. Bc4 Bg7 3. Qf3 Nh6 4. d3 O-O 5. h3 a5 6. g4 Kh8 7. g5 Ng8 8. Bxf7 e6
9. Nd2 Qe7 10. Nc4 Rxf7 11. Qe3 d5 12. exd5 exd5 13. Nd2 Qb4 14. c3 Qd6 15. h4
Re7 16. Ne4 dxe4 17. dxe4 Nc6 18. Bd2 Bg4 19. f3 Rae8 20. Ne2 Bxf3 21. Rf1 Bxe2
22. Qxe2 Rxe4 23. Bf4 Rxe2# 0-1

[Event "QA-ANNIV-05"]
[Site "http://www.queenalice.com/game.php?id=654436"]
[Date "2009.9.18"]
[Round "2"]
[White "goldenboy"]
[Black "Semao"]
[Result "0-1"]
[WhiteElo "2089"]
[BlackElo "1885"]

1. e4 g6 2. d4 Bg7 3. Nc3 d6 4. Nf3 Nf6 5. Bg5 h6 6. Bh4 g5 7. Bg3 O-O 8. Bc4
Nh5 9. Qd2 Nxg3 10. hxg3 Nc6 11. Ne2 e5 12. O-O-O a6 13. Bd5 Ne7 14. Bb3 Ng6 15.
dxe5 Be6 16. Bxe6 fxe6 17. exd6 g4 18. Nh4 Qf6 19. Qd4 Qg5+ 20. Qd2 Qb5 21. Nc3
Qe8 22. Nxg6 Qxg6 23. dxc7 h5 24. Qd8 Raxd8 25. Rxd8 Qg5+ 26. Kb1 Rxd8 27. Rxh5
Qe7 28. cxd8=R+ Qxd8 29. Rh4 Qd2 30. a3 Qxf2 31. Rxg4 Qxg2 32. e5 Qf3 33. Rg5
Qe3 34. Rg6 Qxe5 35. Rg4 b5 36. Ka2 a5 37. Re4 Qxg3 38. Nxb5 Qg2 0-1

[Event "2º TP-ROO"]
[Site "http://www.queenalice.com/game.php?id=671544"]
[Date "2009.10.23"]
[Round "3"]
[White "Semao"]
[Black "edimarbr"]
[Result "0-1"]
[WhiteElo "1849"]
[BlackElo "2127"]

1. e4 c5 2. Nf3 d6 3. Nc3 a6 4. d4 cxd4 5. Qxd4 Nc6 6. Qe3 Nf6 7. h3 e6 8. Bd2
Be7 9. O-O-O b5 10. Nd4 Bb7 0-1

[Event "Vaivaivai..."]
[Site "http://www.queenalice.com/game.php?id=682226"]
[Date "2009.11.13"]
[Round "-"]
[White "Semao"]
[Black "Mutreta"]
[Result "0-1"]
[WhiteElo "1868"]
[BlackElo "2024"]

1. e4 c6 2. Nf3 d5 3. exd5 cxd5 4. Bb5+ Bd7 5. Bxd7+ Qxd7 6. O-O Nf6 7. Ne5 Qc7
8. d4 e6 9. c3 Bd6 10. f4 O-O 11. Nd2 a5 12. g4 a4 13. Ndf3 Ne4 14. Nd2 f6 15.
Nxe4 dxe4 0-1